000 00628cam a2200193 a 4500
001 000001618
005 20200929145635.0
008 780624s1946 ag b 000 0 spa
040 _aDO-SdBNP
_bspa
_dBNPHU
082 _a184
_bT238p
100 1 _aTaylor, Alfred Edward,
_95297
245 1 3 _aEl platonismo y su influencia /
_cAlfred Edward Taylor ; traducción de Luis Farré.
260 _aBuenos Aires :
_bNova,
_c1946.
300 _a171 p. ;
_c18 cm.
534 _aTítulo original:
_tPlatonism and its influence
600 1 4 _aPLATÓN
_xINFLUENCIA
_95298
650 4 _aFilosofía antigua
_91215
700 1 _aFarré, Luis,tr
_95299
999 _c1509
_d1509